| 000 | 00748nam a2200181 i 4500 | ||
|---|---|---|---|
| 001 | 59849 | ||
| 003 | ES-MaACL | ||
| 005 | 20230906164117.0 | ||
| 007 | t| | ||
| 008 | 031031m19121925sp c |||| | spa d | ||
| 110 | 2 |
_aEscuela Especial de Ingenieros de Caminos, Canales y Puertos (Madrid) _9170634 |
|
| 245 | 1 | 0 |
_aCatálogo de la Biblioteca / _cEscuela Especial de Ingenieros de Caminos, Canales y Puertos. |
| 260 |
_aMadrid : _b[s.n.], _c1912-1925 ( _fFortanet) |
||
| 300 |
_a3 v. ; _c22 cm. |
||
| 505 | 8 | _aContiene: I: Catálogo de obras: suplemento - II: Publicaciones periódicas (1901-1916) | |
| 610 | 2 |
_aEscuela Especial de Ingenieros de Caminos, Canales y Puertos (Madrid). _bBiblioteca- _vCatálogos. _9170632 |
|
| 852 |
_aES-MaACL _jB-13661-63 |
||
| 999 |
_c59849 _d59849 |
||